Online Catalogue and eLibrary

The Difficulty of Difference: (Record no. 1178)

MARC details
000 -LEADER
fixed length control field 00506nam a2200181Ia 4500
005 - DATE AND TIME OF LATEST TRANSACTION
control field 20250325033325.0
008 - FIXED-LENGTH DATA ELEMENTS--GENERAL INFORMATION
fixed length control field 240331s9999 xx 000 0 und d
020 ## - INTERNATIONAL STANDARD BOOK NUMBER
ISBN 0415903327
082 ## - DDC Classification
Class No. 302.234
Item Number - Author Mark ROD
DDC Edition Number 3888
100 ## - MAIN ENTRY--PERSONAL NAME
Personal name Rodwick, D. N.
245 #4 - TITLE STATEMENT
Title The Difficulty of Difference:
Remainder of title Psychoanalysis Sexual Difference and Film Theory
260 ## - PUBLICATION, DISTRIBUTION, ETC.
Place of publication, distribution, etc. London;
-- New York,
Name of publisher, distributor, etc. Routledge
Date of publication, distribution, etc. 1991
300 ## - PHYSICAL DESCRIPTION
Extent (e.g. Volumes, Pages etc.) xii, 162 p.,
650 ## - SUBJECT ADDED ENTRY--TOPICAL TERM
Topical term or geographic name entry element Psychoanalysis
650 ## - SUBJECT ADDED ENTRY--TOPICAL TERM
Topical term or geographic name entry element Sexuality
650 ## - SUBJECT ADDED ENTRY--TOPICAL TERM
Topical term or geographic name entry element Feminism
942 ## - Koha item type (Biblio)
Koha item type Books in Stacks (Lending)
Holdings
Lost status Damaged status Collection code Home library Current library Shelving location Date acquired Full call number Accession Number Item type
    Lending WERC Library WERC Library Social Science Cupboard 03/31/2024 302.234 ROD 3888 Books in Stacks (Lending)

© WERC Library